| 000 | 00643nam a2200217 a 4500 | ||
|---|---|---|---|
| 001 | 000032408 | ||
| 003 | DO-SdBNP | ||
| 005 | 20220802092033.0 | ||
| 008 | 110715s1928 dr 000 0 spa d | ||
| 040 |
_aDO-SdBNP _bspa _cBNPHU |
||
| 082 |
_axxx _bM385c |
||
| 100 |
_aMartínez Bosch, M _958373 |
||
| 245 | 1 | 3 |
_aEl cultivo de cebollas : _bSemilleros / _cM. Martínez Bosch. |
| 260 |
_aSanto Domingo : _bDepartamento de Agricultura, _c1928. |
||
| 300 |
_a7 p. ; _c18 cm. |
||
| 490 | 1 | _aVulgarización agrícola ; | |
| 590 | _aInventariado, 2022/ YL | ||
| 830 | 0 |
_aVulgarización agrícola _922107 |
|
| 910 | _aYLockward | ||
| 942 |
_2ddc _cLF2 |
||
| 999 |
_c31899 _d31899 |
||